20 autores del siglo XX (Record no. 10167)

MARC details
000 -LEADER
campo de control de longitud fija 02294nmc a2200661 a 4500
003 - IDENTIFICADOR DE NÚMERO DE CONTROL
campo de control AR-BaBNM
005 - FECHA Y HORA DE LA ÚLTIMA TRANSACCIÓN
campo de control 20251128205136.0
008 - DATOS DE LONGITUD FIJA--INFORMACIÓN GENERAL
campo de control de longitud fija 301020s1994 ||||||||||||||000 | spa||
020 ## - NÚMERO INTERNACIONAL ESTÁNDAR DEL LIBRO
Número Internacional Estándar del Libro 84-277-1086-0
040 ## - FUENTE DE CATALOGACIÓN
Centro/agencia transcriptor AR-BaBNM
245 10 - MENCIÓN DEL TÍTULO
Título 20 autores del siglo XX
Resto del título interpretación y comentario de textos literarios
246 1# - FORMA VARIANTE DEL TITULO
Título propio/Titulo breve Veinte autores del siglo XX
250 ## - MENCION DE EDICION
Mención de edición 1ª ed.
260 ## - PUBLICACIÓN, DISTRIBUCIÓN, ETC.
Lugar de publicación, distribución, etc. Madrid
Nombre del editor, distribuidor, etc. Narcea
-- Ministerio de Educación y Ciencia
Fecha de publicación, distribución, etc. 1994
300 0# - DESCRIPCIÓN FÍSICA
Extensión p. irreg.
490 #0 - MENCIÓN DE SERIE
Mención de serie Materiales 12-16 para Educación Secundaria. Lengua y Literatura
500 0# - NOTA GENERAL
Nota general Contiene glosario en p. 13
500 0# - NOTA GENERAL
Nota general Esta carpeta contiene cuatro libros: Veinte autores del siglo xx: interpretación y comentario de textos literarios / 1: el comentario de textos
500 0# - NOTA GENERAL
Nota general Veinte autores del siglo xx: interpretación y comentario de textos literarios / 2: teatro
500 0# - NOTA GENERAL
Nota general Veinte autores del siglo xx: interpretación y comentario de textos literarios / 3: poesía
500 0# - NOTA GENERAL
Nota general Veinte autores del siglo xx: interpretación y comentario de textos literarios / 4: narrativa
600 14 - PUNTO DE ACCESO ADICIONAL DE MATERIA--NOMBRE DE PERSONA
Nombre de persona Valle Inclan, Ramón María Del
600 14 - PUNTO DE ACCESO ADICIONAL DE MATERIA--NOMBRE DE PERSONA
Nombre de persona Jardiel Poncela, Enrique
600 14 - PUNTO DE ACCESO ADICIONAL DE MATERIA--NOMBRE DE PERSONA
Nombre de persona García Lorca, Federico
600 14 - PUNTO DE ACCESO ADICIONAL DE MATERIA--NOMBRE DE PERSONA
Nombre de persona Gala, Antonio
600 14 - PUNTO DE ACCESO ADICIONAL DE MATERIA--NOMBRE DE PERSONA
Nombre de persona Machado, Antonio
600 14 - PUNTO DE ACCESO ADICIONAL DE MATERIA--NOMBRE DE PERSONA
Nombre de persona Neruda, Pablo
600 14 - PUNTO DE ACCESO ADICIONAL DE MATERIA--NOMBRE DE PERSONA
Nombre de persona Alberti, Rafael
600 14 - PUNTO DE ACCESO ADICIONAL DE MATERIA--NOMBRE DE PERSONA
Nombre de persona Cernuda, Luis
600 14 - PUNTO DE ACCESO ADICIONAL DE MATERIA--NOMBRE DE PERSONA
Nombre de persona Hernández, Miguel
600 14 - PUNTO DE ACCESO ADICIONAL DE MATERIA--NOMBRE DE PERSONA
Nombre de persona Aleixandre, Vicente
600 14 - PUNTO DE ACCESO ADICIONAL DE MATERIA--NOMBRE DE PERSONA
Nombre de persona Hierro, José
600 14 - PUNTO DE ACCESO ADICIONAL DE MATERIA--NOMBRE DE PERSONA
Nombre de persona Otero, Blas De
600 14 - PUNTO DE ACCESO ADICIONAL DE MATERIA--NOMBRE DE PERSONA
Nombre de persona unamuno, Miguel de
600 14 - PUNTO DE ACCESO ADICIONAL DE MATERIA--NOMBRE DE PERSONA
Nombre de persona Borges, Jorge Luis
600 14 - PUNTO DE ACCESO ADICIONAL DE MATERIA--NOMBRE DE PERSONA
Nombre de persona Ayala, Francisco
600 14 - PUNTO DE ACCESO ADICIONAL DE MATERIA--NOMBRE DE PERSONA
Nombre de persona Goytisolo, Juan
600 14 - PUNTO DE ACCESO ADICIONAL DE MATERIA--NOMBRE DE PERSONA
Nombre de persona Delibes, Miguel
600 14 - PUNTO DE ACCESO ADICIONAL DE MATERIA--NOMBRE DE PERSONA
Nombre de persona Mendoza, Eduardo
600 14 - PUNTO DE ACCESO ADICIONAL DE MATERIA--NOMBRE DE PERSONA
Nombre de persona Torrente Ballester, Gonzalo
600 14 - PUNTO DE ACCESO ADICIONAL DE MATERIA--NOMBRE DE PERSONA
Nombre de persona Muñoz Molina, Antonio
650 #4 - PUNTO DE ACCESO ADICIONAL DE MATERIA--TÉRMINO DE MATERIA
Término de materia o nombre geográfico como elemento de entrada SIGLO VEINTE
650 #4 - PUNTO DE ACCESO ADICIONAL DE MATERIA--TÉRMINO DE MATERIA
Término de materia o nombre geográfico como elemento de entrada POESIA
650 #4 - PUNTO DE ACCESO ADICIONAL DE MATERIA--TÉRMINO DE MATERIA
Término de materia o nombre geográfico como elemento de entrada TEATRO
653 ## - TÉRMINO DE INDIZACIÓN--NO CONTROLADO
Término no controlado ENSENANZA DE LA LENGUA
653 ## - TÉRMINO DE INDIZACIÓN--NO CONTROLADO
Término no controlado ENSENANZA DE LA LITERATURA
653 ## - TÉRMINO DE INDIZACIÓN--NO CONTROLADO
Término no controlado EDUCACION GENERAL BASICA
653 ## - TÉRMINO DE INDIZACIÓN--NO CONTROLADO
Término no controlado EDUCACION POLIMODAL
653 ## - TÉRMINO DE INDIZACIÓN--NO CONTROLADO
Término no controlado EDUCACION SECUNDARIA
700 1# - ENTRADA AGREGADA--NOMBRE PERSONAL
Nombre de persona Ariza, Julio
700 1# - ENTRADA AGREGADA--NOMBRE PERSONAL
Nombre de persona Coca, Ildefonso
700 1# - ENTRADA AGREGADA--NOMBRE PERSONAL
Nombre de persona González, Juan Antonio
700 1# - ENTRADA AGREGADA--NOMBRE PERSONAL
Nombre de persona Hoster, Beatriz
700 1# - ENTRADA AGREGADA--NOMBRE PERSONAL
Nombre de persona Noguerol, Francisca
700 1# - ENTRADA AGREGADA--NOMBRE PERSONAL
Nombre de persona Ruiz, Alberto M.
942 ## - ELEMENTOS DE ENTRADA SECUNDARIOS (KOHA)
Tipo de ítem Koha Libros
998 ## - INFORMACIÓN DE CONTROL LOCAL (RLIN)
Iniciales del catalogador, CIN (RLIN) SILVI
Holdings
Estatus retirado Estado de pérdida Fuente de la clasificación o esquema de estantería Estado de daño No para préstamo Biblioteca de origen Biblioteca actual Fecha de adquisición Total de préstamos Signatura topográfica completa Código de barras Visto por última vez Precio de reemplazo Tipo de ítem Koha
    Clasificación Decimal Dewey     Liberty Liberty 28/11/2025   372.88 ARI 102938 28/11/2025 28/11/2025 Libros
    Clasificación Decimal Dewey     Liberty Liberty 28/11/2025   372.88 ARI 102939 28/11/2025 28/11/2025 Libros
    Clasificación Decimal Dewey     Liberty Liberty 28/11/2025   372.88 ARI 102940 28/11/2025 28/11/2025 Libros